| 000 | 00358nam a2200133Ia 4500 | ||
|---|---|---|---|
| 008 | 240624s9999 xx 000 0 und d | ||
| 041 | _aeng | ||
| 082 | _a006.3 PEN | ||
| 100 | _aPENDHARKAR PARAG | ||
| 245 | _aMANAGING DATA MINING TECHNOLOGIES IN ORG | ||
| 260 |
_c2003 _aLondon _bIdea Group Publishing |
||
| 300 | _ax, : 288 : p. : cm. ; 26 | ||
| 365 |
_c _b30 |
||
| 999 |
_c27416 _d27416 |
||